| Tag |
First Indicator |
Second Indicator |
Subfields |
| LEADER |
00000cam a2200000 a 4500 |
| 001 |
in00000072632 |
| 005 |
20151008054554.0 |
| 008 |
740509q1919 gw 00010 ger d |
| 035 |
|
|
|a (OCoLC)00881353
|
| 035 |
|
|
|9 AAJ1049AM
|
| 040 |
|
|
|a WRM
|c WRM
|d OCL
|d m.c.
|d TXA
|d UtOrBLW
|
| 049 |
|
|
|a TXAM
|d [
|v = Bd.]
|v 1 [1654814]
|v 2 [1654815]
|v 3 [1654816]
|v 4 [1654817]
|v 5 [1654818]
|v 6 [1654819]
|v 7 [1654820]
|v 8 [1654821]
|v 9 [1654822]
|
| 090 |
|
|
|a B3312
|b .A2 1919
|
| 100 |
1 |
|
|a Nietzsche, Friedrich Wilhelm,
|d 1844-1900.
|
| 245 |
1 |
0 |
|a Nietzsches Werke :
|b Klassiker-Ausgabe /
|c [Elisabeth Forster-Nietzsche, Hrsg.].
|
| 264 |
|
1 |
|a Leipzig :
|b Alfred Kroner,
|c [1919?]
|
| 300 |
|
|
|a 9 volumes ;
|c 18 cm.
|
| 336 |
|
|
|a text
|b txt
|2 rdacontent
|
| 337 |
|
|
|a unmediated
|b n
|2 rdamedia
|
| 338 |
|
|
|a volume
|b nc
|2 rdacarrier
|
| 500 |
|
|
|a Each volume also has added title page.
|
| 500 |
|
|
|a Volume 9 Erganzungsband.
|
| 700 |
1 |
|
|a Förster-Nietzsche, Elisabeth,
|d 1846-1935.
|
| 999 |
|
|
|a MARS
|
| 999 |
f |
f |
|s 2d3499cc-1e04-331b-8901-52e35ec50da8
|i 11cc2846-9113-36e2-bacb-d87a842637ec
|t 0
|
| 952 |
f |
f |
|p ric
|a Texas A&M University
|b Rellis Campus
|c Joint Library Facility
|d Remote Storage
|t 0
|e B3312 .A2 1919
|h Library of Congress classification
|i unmediated -- volume
|k Bd.8
|m A14806084368
|
| 952 |
f |
f |
|p ric
|a Texas A&M University
|b Rellis Campus
|c Joint Library Facility
|d Remote Storage
|t 0
|e B3312 .A2 1919
|h Library of Congress classification
|i unmediated -- volume
|k Bd.1
|m A14806084295
|
| 952 |
f |
f |
|p ric
|a Texas A&M University
|b Rellis Campus
|c Joint Library Facility
|d Remote Storage
|t 0
|e B3312 .A2 1919
|h Library of Congress classification
|i unmediated -- volume
|k Bd.6
|m A14806084342
|
| 952 |
f |
f |
|p ric
|a Texas A&M University
|b Rellis Campus
|c Joint Library Facility
|d Remote Storage
|t 0
|e B3312 .A2 1919
|h Library of Congress classification
|i unmediated -- volume
|k Bd.9
|m A14806084376
|
| 952 |
f |
f |
|p ric
|a Texas A&M University
|b Rellis Campus
|c Joint Library Facility
|d Remote Storage
|t 0
|e B3312 .A2 1919
|h Library of Congress classification
|i unmediated -- volume
|k Bd.5
|m A14806084334
|
| 952 |
f |
f |
|p ric
|a Texas A&M University
|b Rellis Campus
|c Joint Library Facility
|d Remote Storage
|t 0
|e B3312 .A2 1919
|h Library of Congress classification
|i unmediated -- volume
|k Bd.4
|m A14806084326
|
| 952 |
f |
f |
|p ric
|a Texas A&M University
|b Rellis Campus
|c Joint Library Facility
|d Remote Storage
|t 0
|e B3312 .A2 1919
|h Library of Congress classification
|i unmediated -- volume
|k Bd.2
|m A14806084300
|
| 952 |
f |
f |
|p ric
|a Texas A&M University
|b Rellis Campus
|c Joint Library Facility
|d Remote Storage
|t 0
|e B3312 .A2 1919
|h Library of Congress classification
|i unmediated -- volume
|k Bd.7
|m A14806084350
|
| 952 |
f |
f |
|p ric
|a Texas A&M University
|b Rellis Campus
|c Joint Library Facility
|d Remote Storage
|t 0
|e B3312 .A2 1919
|h Library of Congress classification
|i unmediated -- volume
|k Bd.3
|m A14806084318
|
| 998 |
f |
f |
|a B3312 .A2 1919
|s Bd.1-Bd.9
|t 0
|l Remote Storage
|